| 000 | 00463cam a22001337a 4500 | ||
|---|---|---|---|
| 008 | 180718b1954 xxu||||| |||| 00| 0 eng d | ||
| 082 | _aB131 C312 | ||
| 100 | _aCauter, T. | ||
| 245 |
_aCommunication of ideas:a study of contempopary influences on urban life _cby T. Cauter and J.S. Downham |
||
| 260 |
_aLondon _bThe Reade's Digest _c1954 |
||
| 300 | _axviii,324p | ||
| 650 | _aCommunication.Social classes.Communication -England -Derby. | ||
| 700 | _aDownham, J.S. | ||
| 999 |
_c418006 _d418006 |
||